000 00462nam a2200181Ia 4500
001 7905
005 20260306160530.0
008 260306t2006||||xx |||||||||||||| ||spa||
041 _aESP
082 _a363.7282
_bP26
100 _aPardavé Livia, Walter [1966-...]
_eAUT
245 0 _aReciclado industrial de metales:
_buna aproximación
260 _c2006
300 _a150 páginas :
_c24 cm.
650 _aGEN
654 _aCIA
942 _cLIB
_dJUS
_fJUS
_2ddc
_n
999 _c7905
_d7905